|
|
|
|
| LEADER |
00717nam a2200241Ia 4500 |
| 008 |
241007s9999||||xx |||||||||||||| ||und|| |
| 020 |
|
|
|a 84-362-2028-5
|
| 040 |
|
|
|a BIBLIOTECA-RURC/ 150.724 P974
|
| 041 |
|
|
|a spa
|
| 082 |
|
|
|a 150.724 P974
|
| 100 |
1 |
|
|a Seoane Rey, Julio
|
| 100 |
1 |
|
|b Martínez Arias, María Rosario
|
| 100 |
1 |
|
|c Macía, Antón María Araceli; Rechea, Cristian
|
| 245 |
1 |
0 |
|a Psicología Matemática I: Introducción y organización de datos
|
| 250 |
|
|
|a 2a.ed.
|
| 260 |
|
|
|a España
|b UFAMA
|c 1991
|
| 300 |
|
|
|a 299 p. :il.
|
| 650 |
7 |
|
|a PSICOLOGIA EXPERIMENTAL
|
| 650 |
7 |
|
|b PSICOLOGIA ESTADISTICA
|
| 650 |
7 |
|
|c MODELOS MATEMATICOS
|
| 942 |
|
|
|c BK
|2 ddc
|
| 991 |
|
|
|a TEXTO
|
| 999 |
|
|
|c 14249
|